Téma kreativity v podnikateľskom kontexte
Pojem kreativita. Kategórie kreativity v podnikových podmienkach - kreatívne produkty, kreatívne procesy, kreatívne osobnosti, kreatívne prostredie. Kreatívny podnik - vlastnosti a schopnosti. Kreatívna osobnosť - charakteristiky. Možnosti podporovania kreativity. Kreativita a manažment.
Na minha lista:
| Autor principal: | |
|---|---|
| Formato: | Capítulo de Livro |
| Idioma: | eslovaco |
| Assuntos: | |
| Tags: |
Sem tags, seja o primeiro a adicionar uma tag!
|
MARC
| LEADER | 00000naa$a2200000$$$4500 | ||
|---|---|---|---|
| 001 | 0044180 | ||
| 005 | 20240502071522.9 | ||
| 041 | 0 | |a slo | |
| 044 | |a SK | ||
| 245 | 1 | 0 | |a Téma kreativity v podnikateľskom kontexte |c Ľudmila Suntingerová |
| 520 | |a Pojem kreativita. Kategórie kreativity v podnikových podmienkach - kreatívne produkty, kreatívne procesy, kreatívne osobnosti, kreatívne prostredie. Kreatívny podnik - vlastnosti a schopnosti. Kreatívna osobnosť - charakteristiky. Možnosti podporovania kreativity. Kreativita a manažment. | ||
| 610 | 2 | 0 | |a kreativita |
| 610 | 2 | 0 | |a definície |
| 610 | 2 | 0 | |a osobnosť |
| 610 | 2 | 0 | |a podnik |
| 610 | 2 | 0 | |a stimuly pracovné |
| 610 | 2 | 0 | |a manažéri |
| 100 | 1 | |a Suntingerová, Ľudmila | |